Analisis kontrastif sistem fonologi Bahasa Malaysia dan Bahasa Portugis /
Saved in:
| Main Author: | |
|---|---|
| Format: | Thesis Book |
| Language: | Malay |
| Published: |
1999.
|
| Subjects: | |
| Online Access: | http://studentsrepo.um.edu.my/id/eprint/1066 |
| Tags: |
Add Tag
No Tags, Be the first to tag this record!
|
| LEADER | 01372cam a2200301 a 4500 | ||
|---|---|---|---|
| 001 | u484732 | ||
| 003 | SIRSI | ||
| 008 | 930723s1999 my t 00010 may m | ||
| 035 | |a ACP-9393 | ||
| 040 | |a UMM |d UMB | ||
| 090 | |a PB12 |b UM 1999 Lim | ||
| 093 | |a PB12 |b UM 1999 Lim | ||
| 100 | 1 | 0 | |a Lim, Miau Chin. |
| 245 | 1 | 0 | |a Analisis kontrastif sistem fonologi Bahasa Malaysia dan Bahasa Portugis / |c Lim Miau Chin. |
| 260 | |c 1999. | ||
| 300 | |a xiii, 185 leaves : |b ill., (Maps) ; |c 30 cm. | ||
| 502 | |a Dissertation (M.M.L.S.) -- Fakulti Bahasa dan Linguistik, Universiti Malaya, 1999. | ||
| 504 | |a Bibliography : leaves 156-163. | ||
| 650 | 0 | |a Malay language |x Phonology, Comparative |x Portuguese | |
| 650 | 0 | |a Portuguese language |x Phonology, Comparative |x Malay | |
| 710 | 2 | 0 | |a Universiti Malaya. |b Fakulti Bahasa dan Linguistik. |
| 856 | |f IARC:A511961229 |z Click Here for Abstract and Table of Contents | ||
| 856 | 4 | 1 | |u http://studentsrepo.um.edu.my/id/eprint/1066 |
| 948 | |a 04/07/2001 |b 07/01/2003 | ||
| 596 | |a 1 6 | ||
| 999 | |a PB12 UM 1999 LIM |w LC |c 1 |i A509557019 |d 6/6/2023 |e 6/6/2023 |l STACKS |m P01UTAMA |n 15 |r Y |s Y |t TESIS |u 9/7/2001 |o .PUBLIC. PROJEK PENDIGITISAN 15/12/05 | ||
| 999 | |a PB12 UM 1999 LIM |w LC |c 2 |i A510475686 |d 30/3/2012 |e 30/3/2012 |l STACKS |m P01UTAMA |n 7 |r Y |s Y |t TESIS |u 14/12/2001 | ||
| 999 | |a PB12 UM 1999 LIM |w LC |c 1 |i A503732732 |l STACKS |m P06BAHASA |r Y |s Y |t TESIS |u 4/9/2001 | ||
